| 000 | 01273nam a2200289 i 4500 | ||
|---|---|---|---|
| 001 | 76520 | ||
| 003 | ES-MaACL | ||
| 005 | 20250907063049.0 | ||
| 007 | t| | ||
| 008 | 041001s1951 sp af |||| |dspa d | ||
| 080 | _a58(488.8)(079.3) | ||
| 080 | _a58(063)"1950" | ||
| 100 | 1 |
_aGuinea López, Emilio, _d1907-1985 _960863 |
|
| 245 | 1 | 0 |
_aEn el país de los lapones _b: (relato ilustrado de mi primer viaje a Escandinavia) / _cpor Emilio Guinea. |
| 260 |
_aMadrid : _bInstituto de Estudios Africanos, _c1951 ( _fAres) |
||
| 300 |
_a225 p., 25 lám. : _bil. ; _c25 cm. |
||
| 510 |
_aCCPB, _c000766560-1 |
||
| 594 | _aPrecede al tít.: Consejo Superior de Investigaciones Científicas. | ||
| 650 | 4 |
_aFlora- _zLaponia (Finlandia) _9159965 |
|
| 651 | 4 |
_aLaponia- _xDescripción. _9159924 |
|
| 710 | 2 |
_aInstituto de Estudios Africanos. _94881 |
|
| 852 |
_aES-MaACL _jD-6517 _979395 _bR.31689 _bR.M.6108 _cSVI _fSello en tinta azul de la Biblioteca del Ateneo de Madrid _hSello en tinta: "Donativo" _zEn cubierta: "15.ABR.1952" _zEn cubierta: "PRECIO DEL EJEMPLAR PTAS." |
||
| 942 |
_2udc _cMONOGRAFIA |
||
| 999 |
_c76520 _d76520 |
||